The Hamiltonian Hopf Bifurcation

Αποθηκεύτηκε σε:
Λεπτομέρειες βιβλιογραφικής εγγραφής
Κύριος συγγραφέας: Meer, Jan-Cees van der 1955-
Μορφή: Βιβλίο
Γλώσσα:English
Δημοσίευση: Berlin ; New York : Springer-Verlag, c1985
Σειρά:Lecture notes in mathematics (Springer-Verlag) ; 1160
Θέματα:
Ετικέτες: Προσθήκη ετικέτας
Δεν υπάρχουν, Καταχωρήστε ετικέτα πρώτοι!

MARC

LEADER 00000nam a2200000 i 4500
001 1/63271
008 941103s1985 eng d
020 |a 3-540-16037-X 
035 |a 1993  |l 10046761 
040 |a GR-MY-UA  |b gre  |e aacr 
041 0 |a eng 
082 0 |a 514.74 
100 1 |a Meer, Jan-Cees van der  |d 1955- 
245 1 4 |a The Hamiltonian Hopf Bifurcation /  |c Jan-Cees van der Meer 
260 |a Berlin ; New York :   |b Springer-Verlag,   |c c1985 
300 |a vi, 115 p.;  |b ill.;  |c 25 cm. 
490 1 |a Lecture notes in mathematics (Springer-Verlag)  |v ; 1160 
500 |a Includes bibliographical references and index 
650 0 0 |a Hamiltonian systems. 
650 0 0 |a Bifurcation theory. 
830 0 |a Lecture notes in mathematics (Springer-Verlag)  |v ; 1160 
852 |a INST  |b SAMOS  |e 19941103  |h 514.74 MEE  |p 005300008180  |q 005300008180  |t BK  |y 0 
909 |a Σ  |b 029017